LEADER 01918nam0 22004573i 450 001 VAN00297692 005 20260205024204.973 017 70$2N$a9781461206910 100 $a20250902d1997 |0itac50 ba 101 $aeng 102 $aUS 105 $a|||| ||||| 181 $ai$b e 182 $ab 183 $acr 200 1 $aˆAn ‰introduction to knot theory$fW. B. Raymond Lickorish 210 $aNew York [etc.]$cSpringer$d1997 215 $ax, 201 p.$cill.$d25 cm 410 1$1001VAN00023579$12001 $aGraduate texts in mathematics$1210 $aNew York [etc.]$cSpringer$d1950-$v175 500 1$3VAN00302183$aˆAn ‰introduction to knot theory$983384 606 $a57-XX$xManifolds and cell complexes [MSC 2020]$3VANC019671$2MF 606 $a57K10$xKnot theory [MSC 2020]$3VANC025028$2MF 610 $aKnot theory$9KW:K 610 $aManifolds$9KW:K 610 $aQuantum invariants$9KW:K 610 $aTopology$9KW:K 620 $aUS$dNew York$3VANL000011 620 $aGB$dLondon$3VANL000015 700 1$aLickorish$bW. B. Raymond$3VANV024892$061928 712 $aSpringer $3VANV108073$4650 790 1$aLickorish, William Bernard Raymond$zLickorish, W. B. Raymond$3VANV256314 790 1$aLickorish, W. B. R.$zLickorish, W. B. Raymond$3VANV256315 790 1$aLickorish, W.B.R.$zLickorish, W. B. Raymond$3VANV256316 801 $aIT$bSOL$c20260206$gRICA 856 4 $uhttps://doi.org/10.1007/978-1-4612-0691-0$zE-book ? Accesso al full-text attraverso riconoscimento IP di Ateneo, proxy e/o Shibboleth 899 $aBIBLIOTECA DEL DIPARTIMENTO DI MATEMATICA E FISICA$1IT-CE0120$2VAN08 912 $fN 912 $aVAN00297692 950 $aBIBLIOTECA DEL DIPARTIMENTO DI MATEMATICA E FISICA$d08DLOAD e-Book 12482 $e08eMF12482 20251006 996 $aIntroduction to knot theory$983384 997 $aUNICAMPANIA